Bhakthi andolan: (Record no. 4660)

000 -LEADER
fixed length control field 00462nam a22001691a 4500
020 ## - INTERNATIONAL STANDARD BOOK NUMBER
ISBN 8181431790
082 ## - DEWEY DECIMAL CLASSIFICATION NUMBER
Classification number H100 9
Item number KUM/B
245 ## - TITLE STATEMENT
Title Bhakthi andolan:
Sub Title ithihas aur samskrithi/
Statement of responsibility, etc by Kumvarpal Singh (ed.)
260 ## - PUBLICATION, DISTRIBUTION, ETC. (IMPRINT)
Place of publication New Delhi:
Name of publisher Vani,
Year of publication 2008.
300 ## - PHYSICAL DESCRIPTION
Number of Pages 303p.
650 ## - SUBJECT ADDED ENTRY--TOPICAL TERM
Topical Term Poetry Bhakthi Period Criticism
650 ## - SUBJECT ADDED ENTRY--TOPICAL TERM
Topical Term Poetry Hindi Criticism
650 ## - SUBJECT ADDED ENTRY--TOPICAL TERM
Topical Term Literature Hindi
650 ## - SUBJECT ADDED ENTRY--TOPICAL TERM
Topical Term Literature
700 ## - ADDED ENTRY--PERSONAL NAME
Personal name Kumvarpal Singh (ed.)
942 ## - ADDED ENTRY ELEMENTS (KOHA)
Koha item type Book
Holdings
Withdrawn status Lost status Damaged status Not for loan Permanent Location Current Location Date acquired Cost, normal purchase price Full call number Accession Number Cost, replacement price Price effective from Koha item type
        Sree Sankaracharya University of Sanskrit Sree Sankaracharya University of Sanskrit 08.01.2015 250.00 H100 9 KUM/B 060769 0.00 08.01.2015 Book